000 01623nas a2200241 454500
001 4856
005 20260407193504.0
008 260407s1982####ag###########|||spa#d
003 AR-UNSa-BCEJYS
040 _aAR-UNSa-BCEJYS
_bspa
_cAR-UNSa-BCEJYS
080 _a008
_xCivilización. Cultura. Progreso
245 1 0 _aEl Correo de la Unesco
_puna ventana abierta al mundo
022 _a0304-310 X
264 1 _aParis :
_bOrganización de las Naciones Unidas para la Educación, la Ciencia y la Cultura (UNESCO)
_c1982
310 _aPeriodicidad: Mensual Cambia de título a partir del año 2002 por El nuevo Correo
520 _aCon el correr del tiempo, el contenido y la forma del Correo han evolucionado mucho. Sin embargo, la revista ha permanecido fiel a su vocación de siempre: propagar los ideales de la UNESCO, servir de plataforma el diálogo entre las culturas y servir de tribuna para debates internacionales. Disponible en línea desde marzo de 2006, El Correo se adapta a las necesidades de sus lectores diseminados por el mundo entero: su publicación electrónica en formato PDF, en las seis lenguas oficiales de la Organización (árabe, chino, español, francés, inglés y ruso), va acompañada de una edición impresa con un número de ejemplares reducido.
942 _cSER
590 _aniveau_biblio:s niveau_hierar:1
100 1 _aOrganización de las Naciones Unidas para la Educación, la Ciencia y la Cultura (UNESCO)
650 _aCultura
650 _aEducación
856 4 1 _uhttps://biblioeco.unsa.edu.ar/pmb/images/revistas/Di?logo entre las Civilicaciones.jpg
_yImagen de portada
_qimage/jpeg
999 _c8411
_d8411